Care and conservation of Georgian houses: a maintenance manual for Edinburgh New Town. (Record no. 91614)

MARC details
000 -LEADER
fixed length control field 01262cam a2200349 4500
008 - FIXED-LENGTH DATA ELEMENTS--GENERAL INFORMATION
fixed length control field 090401t1995 xxu||||| |||| 00| 0 eng d
020 ## - INTERNATIONAL STANDARD BOOK NUMBER
International Standard Book Number 0750618604
035 ## - SYSTEM CONTROL NUMBER
System control number (Sirsi) u44913
041 ## - LANGUAGE CODE
Language code of text/sound track or separate title eng
050 ## - LIBRARY OF CONGRESS CALL NUMBER
Classification number 690.241
100 ## - MAIN ENTRY--PERSONAL NAME
Personal name Davey, Andy
245 ## - TITLE STATEMENT
Title Care and conservation of Georgian houses: a maintenance manual for Edinburgh New Town.
250 ## - EDITION STATEMENT
Edition statement 4th ed.
260 ## - PUBLICATION, DISTRIBUTION, ETC.
Place of publication, distribution, etc. Oxford
Name of publisher, distributor, etc. Butterworth-Heinemann
Date of publication, distribution, etc. 1995
300 ## - PHYSICAL DESCRIPTION
Extent xxvii,291p. : ill. ; 30cm.
350 ## - PRICE (NR) (BK AM CF MU VM SE) [OBSOLETE]
Price 40
520 ## - SUMMARY, ETC.
Summary, etc. Describes and illustrates aspects of conservation for Georgian housing, detailing the substructure, external walls, roofs and internal features. Also includes chapters on decoration and finishes as well as advice on legislation, grants and procedures for undertaking repair work.
650 ## - SUBJECT ADDED ENTRY--TOPICAL TERM
Topical term or geographic name entry element BUILT ENVIRONMENT-BUILDING MAINTENANCE AND REFURBISHMENT
650 ## - SUBJECT ADDED ENTRY--TOPICAL TERM
Topical term or geographic name entry element EDINBURGH NEW TOWN
650 ## - SUBJECT ADDED ENTRY--TOPICAL TERM
Topical term or geographic name entry element GEORGIAN HOUSES
650 ## - SUBJECT ADDED ENTRY--TOPICAL TERM
Topical term or geographic name entry element HISTORIC BUILDINGS
650 ## - SUBJECT ADDED ENTRY--TOPICAL TERM
Topical term or geographic name entry element LISTED BUILDINGS
650 ## - SUBJECT ADDED ENTRY--TOPICAL TERM
Topical term or geographic name entry element REPAIRS
690 ## - LOCAL SUBJECT ADDED ENTRY--TOPICAL TERM (OCLC, RLIN)
Topical term or geographic name as entry element CONSERVATION
700 ## - ADDED ENTRY--PERSONAL NAME
Personal name Heath, Bob
700 ## - ADDED ENTRY--PERSONAL NAME
Personal name Hodges, Desmond
700 ## - ADDED ENTRY--PERSONAL NAME
Personal name Ketchin, Mandy
700 ## - ADDED ENTRY--PERSONAL NAME
Personal name Milne, Roy
710 ## - ADDED ENTRY--CORPORATE NAME
Corporate name or jurisdiction name as entry element Edinburgh New Town Conservation Committee
9 (RLIN) 1784
942 ## - ADDED ENTRY ELEMENTS (KOHA)
Suppress in OPAC 0
948 ## - LOCAL PROCESSING INFORMATION (OCLC); SERIES PART DESIGNATOR (RLIN)
c (OCLC) 04/03/1997
Holdings
Withdrawn status Lost status Source of classification or shelving scheme Damaged status Not for loan Home library Current library Shelving location Date acquired Cost, normal purchase price Total Checkouts Full call number Barcode Date last seen Date last checked out Copy number Cost, replacement price Price effective from Koha item type
    Dewey Decimal Classification     London London Folio 28/09/1995 29.75 18 F690.241 30049068 06/08/2019 20/10/2009 1 29.75 06/08/2019 Book